000 01401nam a2200313 c 4500
003 BLK
005 20240303003954.0
008 180409b bul|||||r ||||||| ||bul||
010 _aKNG00140880000
040 _aBLK
041 _aBUL
_cBUL
080 _aБългарска литература
_b821.163.2
_x-93-1
_z821.163.2-93-1
100 _aГанчев, Марко
_gПисател и поет, сатирик, преводач от немски и белоруски
_d1932-
_qМаринов, Марко Ганчев
_eпърви автор
_9267403
700 1 _aАнастасов, Георги
_eхудож.
_9364356
700 1 _aМаринов, Марко Ганчев
_e*
_9373605
139 _aГанчев, Марко
_bГ 22
245 1 0 _aИзгубената кула
_bПет поеми за деца
_cМарко Ганчев; худож. Георги Анастасов; * Марко Ганчев Маринов.
257 _aBGR
260 София
_bОтечество
_c1984
300 _a32 с.
_bс ил.
_c20 см
380 _aDX
500 _a20 115 тир.
852 _aЦб 257830
856 4 _qpdf
_u
856 4 _qpdf
_u
942 _cKNG
_n0
944 _aCR
_c15.03.2013
_lCRON CRON
_k
944 _aED
_c13.09.2017
_l15.03.2013 - от С1,Р / 15.03.2013
_kСевдалина_Василева
999 _c134959
_d134959